000 00999nam a2200241 4500
001 139231
003 ES-MaACL
005 20250401173121.0
007 t|
008 070214s1946 sp r ||||1| spa d
100 1 _aSaroyan, William.
_9103843
245 1 0 _aChiquillos /
_cWilliam Saroyan ; traducción del inglés por Luis Landínez.
250 _a1ª. ed.
260 _aBarcelona :
_bLauro,
_c1946.
300 _a224 p. :
_bil. ;
_c20 cm.
510 _aCCPB,
_c000840904-8.
655 7 _2tgfbne
_9226829
_aCuentos
700 1 _aLandínez, Luis.
_969957
852 _aES-MaACL
_jD-6249
_bR.29295
_bR.M.5844
_9144271
_cSVI
_fSello en tinta azul de la Biblioteca del Ateneo de Madrid.
_gAnotación manuscrita a lápiz en hoja de guarda posterior: "6825".
_xEncuadernación en tela verde con decoración en dorado.
942 _2udc
999 _c139231
_d139231